Electrotecnia aplicada /

Guardado en:
Autor Principal: Roberjot, P.
Otros Autores: Loubignac, J.
Formato: Libro
Idioma:Spanish
Publicado: Barcelona : Gili, 1962.
Etiquetas: Agregar Etiqueta
Sin Etiquetas, Sea el primero en etiquetar este registro!
LEADER 00467nam a22001575a 4500
001 EUN.um034690
003 AR-BaUNS
005 20050623122908.0
008 041125s1962####sp#a##########000#0#spa#d
245 1 0 |a Electrotecnia aplicada /  |c P. Roberjot, J. Loubignac. 
260 |a Barcelona :  |b Gili,  |c 1962. 
300 |a v. :  |b ilus. ;  |c 22 cm. 
100 1 |a Roberjot, P. 
700 1 |a Loubignac, J. 
082 0 4 |a 621.313 
859 |a Ar-BaUNS  |b BIB. CENTRAL - Sector C  |h 621.313  |i R541  |p 78643/977  |v v.1